International Financial Statistics Yearbook 1983

Guardado en:
Detalles Bibliográficos
Formato: Libro
Lenguaje:inglés
Publicado: Washington, D.C. International Monetary Fund 1983
Materias:
Etiquetas: Agregar Etiqueta
Sin Etiquetas, Sea el primero en etiquetar este registro!

MARC

LEADER 00000nam a2200000 4500
001 c115016
005 20260105082423.5
041 0 |a eng 
044 |a US 
245 1 0 |a International Financial Statistics Yearbook 1983 
264 1 |a Washington, D.C.  |b International Monetary Fund  |c 1983 
300 |a 563 s. 
610 2 0 |a financie medzinárodné 
610 2 0 |a kurz výmenný 
610 2 0 |a rezervy finančné 
610 2 0 |a štatistika finančná